Практическая фонетика французского языка с элементами грамматики: учебник и практикум для академического бакалавриата

التفاصيل البيبلوغرافية
المؤلف الرئيسي: Бубнова Г. И. Галина Ильинична
مؤلفون مشاركون: Московский государственный университет им. М. В. Ломоносова (МГУ), Московский государственный лингвистический университет (МГЛУ)
مؤلفون آخرون: Тарасова А, Н. Анна Николаевна
الملخص:Издание представляет собой вводный курс французской фонетики (с элементами грамматики).Наряду с системой упражнений, моделей и текстов даются сведения об особенностях фонетической системы и артикуляционной базы французского языка, об интонационно-ритмической организации речевого потока. Описываются артикуляции отдельных звуков, а также отклонения, наблюдаемые во французской речи русскоговорящих обучаемых; указываются трудности, пути коррекции и мето­дические приемы работы.Грамматический материал представлен базовыми морфологи­ческими и синтаксическими явлениями, которые необходимы для введения в речь сформированных произносительных и интонацион­ных навыков.Пособие имеет звуковое приложение. Может использоваться как самоучитель французского языка.Соответствует актуальным требованиям Федерального государ­ственного образовательного стандарта высшего образования.Для студентов бакалавриата, начинающих изучать француз-ский язык как иностранный.
اللغة:الروسية
الفرنسية
منشور في: Москва, Юрайт, 2016
سلاسل:Бакалавр. Академический курс
الموضوعات:
التنسيق: كتاب
KOHA link:https://koha.lib.tpu.ru/cgi-bin/koha/opac-detail.pl?biblionumber=321423

MARC

LEADER 00000nam0a2200000 4500
001 321423
005 20231102003355.0
010 |a 9785991641432 
035 |a (RuTPU)RU\TPU\book\346978 
090 |a 321423 
100 |a 20160825d2016 m y0rusy50 ca 
101 0 |a rus  |a fre 
102 |a RU 
105 |a y j 001zy 
200 1 |a Практическая фонетика французского языка с элементами грамматики  |e учебник и практикум для академического бакалавриата  |f Г. И. Бубнова, А, Н. Тарасова  |g Московский государственный университет им. М. В. Ломоносова (МГУ) ; Московский государственный лингвистический университет (МГЛУ) 
210 |a Москва  |c Юрайт  |d 2016 
215 |a 479 с. 
225 1 |a Бакалавр. Академический курс 
320 |a Библиогр.: с. 479 
330 |a Издание представляет собой вводный курс французской фонетики (с элементами грамматики).Наряду с системой упражнений, моделей и текстов даются сведения об особенностях фонетической системы и артикуляционной базы французского языка, об интонационно-ритмической организации речевого потока. Описываются артикуляции отдельных звуков, а также отклонения, наблюдаемые во французской речи русскоговорящих обучаемых; указываются трудности, пути коррекции и мето­дические приемы работы.Грамматический материал представлен базовыми морфологи­ческими и синтаксическими явлениями, которые необходимы для введения в речь сформированных произносительных и интонацион­ных навыков.Пособие имеет звуковое приложение. Может использоваться как самоучитель французского языка.Соответствует актуальным требованиям Федерального государ­ственного образовательного стандарта высшего образования.Для студентов бакалавриата, начинающих изучать француз-ский язык как иностранный. 
606 1 |a Французский язык  |x Учебные руководства и пособия для вузов  |x Пособия по фонетике  |2 stltpush  |3 (RuTPU)RU\TPU\subj\16837  |9 42737 
610 1 |a фонетика 
610 1 |a фонетическая система 
610 1 |a фонетический строй 
610 1 |a фонетические знаки 
610 1 |a звуки 
610 1 |a произношение 
610 1 |a упражнения 
610 1 |a практикумы 
610 1 |a учебники 
686 |a Ш147.11-923.1  |v LBC/SL-A  |2 rubbk 
700 1 |a Бубнова  |b Г. И.  |g Галина Ильинична 
701 1 |a Тарасова  |b А, Н.  |g Анна Николаевна 
712 0 2 |a Московский государственный университет им. М. В. Ломоносова (МГУ)  |2 stltpush  |3 (RuTPU)RU\TPU\col\7 
712 0 2 |a Московский государственный лингвистический университет (МГЛУ)  |c (1990- )  |2 stltpush  |3 (RuTPU)RU\TPU\col\4004 
801 1 |a RU  |b 63413507  |c 20160825 
801 2 |a RU  |b 63413507  |c 20160930  |g RCR 
900 |a Французский язык 
942 |c BK 
951 |l 8.1 
959 |a 56/20160824  |d 1  |e 809,00  |f ЧЗИЛ:1